zpět

Detail výsledku týmu

Pivnice Kateřinská 10, Olomouc

Datum a čas kvízu

29 Celkem bodů Celkový počet nahraných bodů na tomto kvízu bez doplňovacích otázek.
3. Pořadí na kvízu Konečné umístění týmu na tomto kvízu.

Zaznamenané odpovědi

# Otázka Odpověď Body Výsledky
1. Automobilka Škoda v minulém tý... Laurin & Klement Kampus 1
2. Papež František schválil svato... Boží influencer 0
3. Jak se nazývá literární festiv... Svět knihy 0
4. V pondělí se podíval do vesmír... nejstarší člověk ve vesmíru 0
5. Který klub, jenž byl ještě ned... Příbram 1
6. Středověk bývá obvykle ohranič... D 1
7. Jak se jmenoval významný střed... Vilém I. Dobyvatel 0
8. Jak se jmenoval český kníže z... Vratislav 1
9. Vytvořte z těchto středověkých... 1C 2B 3D 4A 0
10. Závěrem tématu se podíváme na... tulipán 0